Statistics for Famous Autobiographies

Click here to take the quiz!

General Stats

  • This quiz has been taken 41 times
  • The average score is 8 of 19

Answer Stats

Book TitleHintAuthor% Correct
Mein KampfWorld LeaderAdolf Hitler
94%
The Diary of a Young GirlHistorical IconAnne Frank
94%
MoonwalkMusicianMichael Jackson
92%
The Greatest: My Own StoryBoxerMuhammad Ali
78%
A Long Walk to FreedomWorld LeaderNelson Mandela
53%
The Way I AmRapperEminem
47%
I Know Why the Caged Bird SingsPoetMaya Angelou
47%
That's NOT All, Folks!Voice ActorMel Blanc
47%
Excelsior!Comic Book WriterStan Lee
36%
My InventionsInventorNikola Tesla
33%
My Bondage and My FreedomAbolitionistFrederick Douglass
25%
The Story of my Experiments with TruthPassive ResistorMahatma Gandhi
25%
My Early LifeWorld LeaderWinston Churchill
22%
BoyAuthorRoald Dahl
19%
An American LifeWorld LeaderRonald Reagan
14%
Such, Such Were the Joys...AuthorGeorge Orwell
8%
Between a Rock and a Hard PlaceOutdoorsman and EngineerAron Ralston
6%
The Recollections of the Development of My Mind and CharacterScientistCharles Darwin
6%
An Experiment in AutobiographyAuthorH.G. Wells
3%

Score Distribution

Percentile by Number Answered

Percent of People with Each Score

Your Score History

You have not taken this quiz